Capitales du Monde. Niveau: FACILE - Statistiques

Statistiques générales
  • Ce quiz a été pris 586 fois
  • Le résultat moyen est 13 sur 15
Statistiques - réponses
Pays Capitale % Correct
France Paris
100%
Espagne Madrid
99%
Italie Rome
99%
Allemagne Berlin
97%
Royaume-Uni Londres
95%
Japon Tokyo
93%
États-Unis Washington DC
93%
Brésil Brasilia
90%
Mexique Mexico
89%
Russie Moscou
85%
Australie Canberra
84%
Chine Pékin
84%
Canada Ottawa
82%
Inde New Delhi
75%
Afrique du Sud Pretoria
35%
Aucun quiz correspondant
Distribution des résultats
% des personnes avec chaque résultat
Percentile par nombre de réponses
Votre historique - résultats
Vous n’avez pas pris ce quiz